000 00915nam a2200277 i 4500
001 77575
003 ES-MaACL
005 20230906173300.0
007 t|
008 041021s2001 sp ||||1| spa d
020 _a84-95359-19-7
080 _a821.14-21.09
100 1 _aLesky, Albin.
_971843
245 1 3 _aLa tragedia griega /
_cAlbin Lesky ; presentación de Jaume Páortulas ; traducción de Juan Godó Costa revisada por Montserrat Camps.
250 _a1ª ed. en el Acantilado.
260 _aBarcelona :
_bEl Acantilado,
_c2001.
300 _a406 p. ;
_c22 cm.
490 1 _aAcantilado ;
_v45
650 1 4 _aTragedia griega-
_xHistoria y crítica.
_917620
700 1 _aPòrtulas, Jaume.
_993297
700 1 _aGodo Costa, Juan.
_957532
700 1 _aCamps, Montserrat (
_d1944-)
_934318
830 0 _aAcantilado ;
_v45
_9182222
852 _aES-MaACL
_jL-28335
_bR.134254
999 _c77575
_d77575